000 00229 a2200097 4500
001 30157
100 _aElton Oliver
245 _aA survey of English Literature
260 _aLondon
_bEdward Arnold & Co
_c
090 _c20100
_d20100
942 _aNUST-CAE
_cM
_c11227
999 _c265230
_d265230